000 00766nam a2200277Ia 4500
003 OSt
005 20221005043027.0
006 a|||||r|||| 00| 0
007 ta
008 221004b |||||||| |||| 00| 0 eng d
020 _a0748610901
024 _a29064
037 _cTextual
040 _aCRL
_cCRL
_beng
041 _2eng
_aeng
082 _aY15z7, N9
100 _aJanet Price Ed.
_9591146
245 0 _aFeminist theory and the body
_b A reader
260 _aEdinburgh
_bEdinburgh University UK
_c1999
300 _a487p.
_ccm.
650 _a FEMINISM
650 _aSOCIOLOGY
700 _a Shildrick Margirt Ed.
_9591147
942 _hY15z7, N9
_cTEXL
_2cc
999 _c951190
_d951190